000 01015nam a2200301 i 4500
001 bg
245 0 0 _aTajlandia /
_c[project ed. Scott Rutherford ; przygot. ed. pol. Bogdan Rudnicki ; tł. Patrycja Zarawska].
246 _iTyt. oryg.:
_aThailand
260 _aWarszawa :
_bMediaprofit,
_c2005.
300 _a391, [1] s. :
_bil. kolor., faks., fot., mapy, pl., portr. ;
_c23 cm.
490 1 _aBiblioteka Gazety Wyborczej. Podróże Marzeń ;
_v9
500 _aTyt. oryg.: "Thailand" 2005. Mapa i plan na wyklejkach.
504 _aIndeks.
651 9 _aTajlandia
655 _aPrzewodniki turystyczne
700 1 _aRUTHERFORD, Scott.
_eRed.
700 1 _aRUDNICKI, Bogdan.
_eOprac.
700 1 _aZARAWSKA, Patrycja.
_eTł.
830 0 _aBiblioteka Gazety Wyborczej.
_pPodróże Marzeń
015 _aPB 20917/2005
020 _a8360174083
040 _cBPK
041 1 _apol
_heng
080 _a913(593)(036)
920 _a83-60174-08-3
942 _cKS
008 s pl f |000 0 pol
999 _c51664
_d51664
856 _uhttp://koha.tu.koszalin.pl/cgi-bin/koha/opac-detail.pl?biblionumber=51664
_yKatalog online BPK